00668 2200217 4500001002100000005001700021008004100038035002500079082001500104090002000119245008800139260004200227300003200269500004800301500001100349650002000360700002000380700001900400850001200419990001900431YOGYA-0209000005945420150608191431.0 ind  a0010-020900000059454 a614.599392 a614.599392bHim aHIV & AIDSbInterkoneksi globalcPenyunting Elizabeth reid;penerjemah Elly wiriawan aJakartabYayasan obor Indonesiac1995 axxxiii,237 hlmbilusc21 cm aJudul asli : HIV&Aids:The global Connection aIndeks aAids (Penyakit) aReid, Elisabeth aWiriawan, Elly aYOPDYOG a1141-BPAD/P.02